Writers and Artists Yearbook 2001 (Record no. 5064)

000 -LEADER
fixed length control field 00418 a2200157 4500
020 ## - INTERNATIONAL STANDARD BOOK NUMBER
International Standard Book Number 0713651598
040 ## - CATALOGING SOURCE
Original cataloging agency DLC
Language of cataloging DLC
082 ## - DEWEY DECIMAL CLASSIFICATION NUMBER
Classification number 700.2541
100 ## - MAIN ENTRY--PERSONAL NAME
Personal name ACB
245 ## - TITLE STATEMENT
Title Writers and Artists Yearbook 2001
Statement of responsibility, etc. ACB
260 ## - PUBLICATION, DISTRIBUTION, ETC.
Place of publication, distribution, etc. London: A&C Black, 2001.
Name of publisher, distributor, etc. A&C Black,
Date of publication, distribution, etc. 2001.
300 ## - PHYSICAL DESCRIPTION
Extent 693 p. ;
Dimensions 24 cm.
500 ## - GENERAL NOTE
General note Includes Index
650 ## - SUBJECT ADDED ENTRY--TOPICAL TERM
Topical term or geographic name entry element Artists--Great Britain--Directories.
942 ## - ADDED ENTRY ELEMENTS (KOHA)
Koha item type Book
Call number prefix 700.2541 ACB
Source of classification or shelving scheme
Holdings
Withdrawn status Lost status Damaged status Not for loan Collection code Permanent Location Current Location Shelving location Date acquired Source of acquisition Cost, normal purchase price Total Checkouts Full call number Barcode Date last seen Price effective from Koha item type
          Central Library (CL) Central Library (CL) General Stacks 09/23/2005 Academic Book company 1514.33   700.2541 ACB SEECS006461 11/14/2012 01/05/2017 Book
© 2023 Central Library, National University of Sciences and Technology. All Rights Reserved.